[Event "St Leon Rot op"]
[Site "St Leon Rot"]
[Date "2011.12.29"]
[Round "5"]
[White "Vlajic, Andrej"]
[Black "Jenisch, Achim"]
[Result "0-1"]
[WhiteElo "1714"]
[BlackElo "1850"]
[PlyCount "52"]
[EventDate "2011.12.27"]
[EventType "swiss"]
[EventRounds "7"]
[EventCountry "GER"]
[SourceTitle "CBM 146 Extra"]
[Source "ChessBase"]
[SourceDate "2012.02.29"]
[SourceVersion "1"]
[SourceVersionDate "2012.02.29"]
[SourceQuality "1"]

1. d4 e6 2. e4 d5 3. Nc3 Nc6 4. exd5 exd5 5. Nf3 Bg4 6. Be2 Qd7 7. Bf4 Bb4 8. Ne5 Bxe2 9. Qxe2 Nxd4 10. Qd3 Qe7 11. Qxd4 f6 12. 0-0 fxe5 13. Bxe5 Bxc3 14. Qxc3 Nf6 15. Bxf6 Qxf6 16. Qxc7 0-0 17. Qxb7 Rad8 18. c3 Rf7 19. Qb3 Kh8 20. Rad1 Qf5 21. Rd4 h6 22. c4 Re8 23. Qd1 dxc4 24. Rxc4 Ref8 25. Qc2 Qe6 26. a3 Rxf2 0-1